000 00436nam a22001817a 4500
999 _c172025
_d172025
005 20200124163908.0
010 _a184016
020 _c7.50
035 _a184016
037 _bBPPD/Pub.
082 _a846
100 _aعبد الحق
245 _aاردوےء موصفے /
_cعبد الحق
260 _a-
_b-
_c1961 ء
270 _a-
_b-
_e-
300 _a447p.
_c22cm(Hb)
942 _2ddc
_cUR
_h846
_mع ب د